LEADER 00694nam a2200169 i 4500 001 000000013151 003 CaOOAMICUS 005 20180830125441.0 008 180830s1974 it u000 u ita u 040 $aSeMil$bita 245 10$aLiturgia orientale della Settimana Santa /$ctesti tradotti e presentati a cura di Maria Gallo. 260 $aRoma :$bCittà Nuova,$ccopyr. 1974. 300 $av. ;$c18 cm. 650 4$aSettimana Santa - Liturgia orientale.$0(OLS)http://semarc/subject/2201 700 1 $aGallo, Maria.$0(OLS)http://semarc/name/6275 996 $6245$aLiturgia orientale della Settimana Santa$9(OLS)http://semarc/title/17514 996 $6260$aRoma :$bCittà Nuova$9(OLS)http://semarc/publisher/29609 LEADER 01178nam a2200289 i 4500 001 000000065765 003 CaOOAMICUS 005 20131118000000.0 008 131118s1973 xx u000 u eng u 013 $a36937 020 $a3-16-133261-X 020 $a3-16-133262-8 040 $aSeMil$bita 100 1 $aOsborn, Eric Francis.$0(OLS)http://semarc/name/33059 245 10$aJustin Martyr /$cby Eric Francis Osborn. 260 $aTübingen :$bJ.C.B. Mohr, Paul Siebeck,$ccopyr. 1973. 300 $a228 p. ;$c24 cm. 490 0 $aBeiträge zur historischen Theologie ;$v47 500 $aContiene : Select bibliography. 650 4$aIustinus .$0(OLS)http://semarc/subject/10336 830 0$aBeiträge zur historischen Theologie ;$v47.$0(OLS)http://semarc/title/18687 850 $aSeMil 852 $aSeMil$W1$xVenegono$y1$m2N I 250$j31918$B31918$CSeMilBibl$Z2$F31921 $81 996 $6020$a3-16-133261-X$9(OLS)http://semarc/number/43192 996 $6020$a3-16-133262-8$9(OLS)http://semarc/number/43193 996 $6245$aJustin Martyr$9(OLS)http://semarc/title/104441 996 $6260$aTübingen :$bJ.C.B. Mohr, Paul Siebeck$9(OLS)http://semarc/publisher/31825